000 00666nam a22002417a 4500
001 32689
003 AR-RoBPED
005 20260504184405.0
007 ta
008 260504s1989 ag a|||br 00| 0|spa d
020 _a9504601170
040 _aAR-RoBPED
041 _aspa
100 1 _aKaufman, Ana María
245 1 0 _aLuciana, Juan y Copete 2 /
_cAna María Kaufman.
260 _aBuenos Aires :
_bSantillana,
_cc1991.
300 _a128 p. :
_bil. ;
_c27 cm.
650 4 _aLIBROS DE LECTURA
_915325
650 4 _aSEGUNDO GRADO
_91622
650 4 _aARCHIVO INFANTIL
_924464
942 _cBK
_2udc
_aK. 32689
_h372.4
_kIA
_mK 26 l
945 _acd 04/05/2026 -
999 _c32689
_d32689